000 00524nam a2200181Ia 4500
008 240729s9999 xx 000 0 und d
022 _a2044-4052
245 0 _aNutrition & Diabetes
260 _aUnited Kingdom
260 _bNature Publishing Group
650 _a Internal medicine
650 _a Nutritional diseases. Deficiency diseases
650 _a Specialties of internal medicine
650 _aMedicine
856 _uhttps://doaj.org/toc/60a837e28bdb4e63b6b40643a7db567f
942 _2ddc
942 _cDOAJEJ
999 _c74530
_d74530
945 _a1
_bMadushi Gamage
_c1
_dMadushi Gamage